Language Quiz

Random Language or Numbers Quiz

Spanish Numbers Flashcards Quiz Stats

 Plays Quiz Updated Mar 23, 2020

Support Sporcle.
Go Orange.
Score 0/28 Timer 03:00
2 Plays Today
% Correct
Uno
88.6%
Dos
88.2%
Ocho
87.2%
Nueve
87%
Cuatro
86.2%
Seis
85.8%
Cinco
85.7%
Tres
85.3%
Diez
84.8%
Siete
83.5%
Ochenta
82.5%
Treinta
82.1%
Noventa
82%
Once
80.2%
% Correct
Doce
79.9%
Diecinueve
78%
Trece
77.9%
Dieciocho
77.9%
Cuarenta
77.9%
Sesenta
77%
Veinte
76.4%
Diecisiete
75.6%
Setenta
75.3%
Cincuenta
74.6%
Dieciséis
73.7%
Cien
73.5%
Catorce
71.7%
Quince
68.5%

From the Vault

Roman Numeral Elements

by Cryptus

Science 2m
Those Romans sure knew their periodic table.
Remove Ads.
Support Sporcle.
Get the best of Sporcle when you Go Orange. This ad-free experience offers more features, more stats, and more fun while also helping to support Sporcle. Thank you for becoming a member.

Show Comments

Extras

Top Quizzes Today


Score Distribution

Your Account Isn't Verified!

In order to create a playlist on Sporcle, you need to verify the email address you used during registration. Go to your Sporcle Settings to finish the process.

Report this User

Report this user for behavior that violates our Community Guidelines.

Details: